Länder mit roter Flagge - Statistiken

Allgemein
  • Dieses Quiz wurde 82 mal gespielt
  • Das Durchschnittsergebnis liegt bei 10 aus 17
Answers on the Grid
Answers color-coded by a green-red scale on the quiz's grid according to % correct below.
Frankreich
Italien
Tansania
Salomonen
Sambia
Spanien
USA
Argentinien
Montenegro
Bahamas
El Salvador
Elfenbeinküste
Deutschland
Vanuatu
Kanada
Tunesien
Estland
Gabun
Aserbaidschan
Guatemala
Indien
Indonesien
Papua-Neuguinea
Kosovo
Philippinen
Palau
Syrien
Angola
St. Vincent und die Grenadinen
Vatikanstadt
 
Antwortstatistiken
Antwort % Korrekt
Frankreich
97%
Italien
89%
Deutschland
86%
Kanada
84%
Spanien
84%
USA
81%
Tunesien
69%
Indonesien
65%
Montenegro
65%
Angola
57%
Syrien
53%
Papua-Neuguinea
51%
Philippinen
51%
Aserbaidschan
38%
Sambia
24%
Vatikanstadt
22%
Vanuatu
20%
Keine übereinstimmenden Quizze gefunden
Verteilung der Resultate
Anzahl Personen mit jedem Resultat
Perzentil nach korrekt beantworteten Fragen
Ihre Resultats-Entwicklung
Sie haben dieses Quiz noch nicht gespielt